Biggest Country in... - Statistics

General Stats
  • This quiz has been taken 351 times
  • The average score is 19 of 24
Answer Stats
Biggest country in... Country % Correct
South America Brazil
100%
North America Canada
100%
Europe Russia
100%
Oceania Australia
98%
Middle East Saudi Arabia
97%
Scandinavia Sweden
97%
Asia Russia
96%
-Stan countries Kazakhstan
95%
European Union France
94%
Caribbean Cuba
93%
South Asia India
91%
Africa Algeria
90%
NATO Canada
83%
Baltic States Lithuania
83%
English speaking Canada
79%
Wu speaking China
78%
Persian speaking Iran
74%
Benelux Netherlands
74%
Spanish speaking Argentina
72%
Arabic speaking Algeria
66%
French speaking Canada
56%
Igbo speaking Nigeria
48%
Amharic speaking Ethiopia
40%
OPEC Algeria
29%
No matching quizzes found
Score Distribution
Percent of People with Each Score
Percentile by Number Answered
Your Score History
You have not taken this quiz